European Capitals - Sudden Death - Statistics

General Stats
  • This quiz has been taken 73 times
  • The average score is 11 of 15
Answers on the Grid
Answers color-coded by a green-red scale on the quiz's grid according to % correct below.
Lisbon
Ljubljana
Stockholm
Tbilisi
Tallinn
Reykjavík
Warsaw
Bern
Vilnius
Zagreb
Minsk
Oslo
Bratislava
Copenhagen
Rome
Barcelona
Milan
Saint Petersburg
Munich
Porto
Kraków
Antwerp
Marseille
Rotterdam
Geneva
Turin
Frankfurt
Istanbul
Hamburg
Gothenburg
 
Answer Stats
Answer % Correct
Lisbon
87%
Rome
87%
Oslo
85%
Warsaw
82%
Reykjavík
79%
Stockholm
79%
Copenhagen
77%
Tallinn
77%
Minsk
74%
Bern
72%
Ljubljana
72%
Vilnius
69%
Zagreb
69%
Bratislava
67%
Tbilisi
46%
No matching quizzes found
Score Distribution
Percent of People with Each Score
Percentile by Number Answered
Your Score History
You have not taken this quiz